000 00517nam a2200181 i 4500
001 41686
003 ES-MaACL
005 20230906160457.0
007 t|
008 030311s1970 mx ||||1| spa d
100 0 _a Castellanos, Rosario,
_d1925-1974
_936537
245 1 0 _aBalún-Ganán /
_cRosario Castellanos.
250 _a[2ª reimp.].
260 _aMéxico :
_bFondo de Cultura Económica,
_c[1970]
300 _a291 p. ;
_c17 cm.
852 _aES-MaACL
_jC-56720
_bR.89456
999 _c41686
_d41686